History Quiz

Random History or Biography Quiz

PEOPLE Cover Stories - Public Figures Quiz Stats

 Plays Quiz not verified by Sporcle

Score 0/20 Timer 06:00
0 Plays Today
% Correct
Hugh Hefner
94.2%
Queen Elizabeth II
92.7%
Princess Stephanie of Monaco
88.4%
Catherine, Duchess of Cambridge (Kate Middleton)
87.5%
Michelle Obama
86.3%
Laura Bush
84.9%
Donald Trump
82.2%
Rudy Giuliani
79.6%
John F. Kennedy, Jr.
78.4%
Ronald Reagan
76.9%
% Correct
Diana, Princess of Wales
75.4%
Gloria Steinem
72%
Ted Kennedy
71.7%
Jessica Lynch
70.5%
Pope Francis
69.4%
Jimmy Swaggart
61.3%
Jerry Brown
59.2%
Abbie Hoffman
56.5%
Jackie Kennedy Onassis
52.9%
Betty Ford
52.7%

You're not logged in!

Compare scores with friends on all Sporcle quizzes.
OR
Log In

Show Comments

Extras

Top Quizzes Today


Score Distribution

Your Account Isn't Verified!

In order to create a playlist on Sporcle, you need to verify the email address you used during registration. Go to your Sporcle Settings to finish the process.

Report this User

Report this user for behavior that violates our Community Guidelines.

Details: